| 000 | 01202cam a2200325 a 4500 | ||
|---|---|---|---|
| 001 | 572958 | ||
| 005 | 20170822174904.0 | ||
| 008 | 890911s1988 ru b 000 0 eng | ||
| 010 | _a 89184478 | ||
| 020 | _a5010005204 | ||
| 040 |
_aDLC _cBSU _dDLC |
||
| 041 | 1 |
_aeng _hrus |
|
| 043 | _ae-ur--- | ||
| 050 | 0 | 0 |
_aHC340.D5 _bD57 1988 |
| 082 | 0 | 0 |
_a338.947 DIS _220 |
| 245 | 0 | 0 |
_aDistribution of the productive forces: _b General schemes theory and practice / _cgeneral editor V.P. Mozhin. |
| 260 |
_aMoscow : _bProgress Publishers, _cc1988. |
||
| 300 |
_a324 p. ; _c21 cm. |
||
| 500 | _aTranslated from the Russian. | ||
| 500 | _aTitle on verso t.p.: Generalʹnye skhemy razmeshchenii͡a︡ proizvoditelʹnykh sil. | ||
| 504 | _aIncludes bibliographical references. | ||
| 650 | 0 |
_aIndustrial location _zSoviet Union. _912092 |
|
| 651 | 0 |
_aSoviet Union _xEconomic policy _y1986-1991. _912093 |
|
| 658 | _aEconomics. | ||
| 700 | 1 |
_aMozhin, V. P. _912094 |
|
| 740 | 0 | _aGeneralʹnye skhemy razmeshchenii͡a︡ proizvoditelʹnykh sil. | |
| 906 |
_a7 _bcbc _corignew _d2 _encip _f19 _gy-gencatlg |
||
| 942 |
_2ddc _cBK |
||
| 999 |
_c5682 _d5682 |
||